banner
Vista normal Vista MARC

Entrada Meeting Name

Número de registros utilizados en: 1

001 - CONTROL NUMBER

  • control field: 202

003 - CONTROL NUMBER IDENTIFIER

  • control field: AR-BaISA

005 - DATE AND TIME OF LATEST TRANSACTION

  • control field: 20190124143737.0

008 - FIXED-LENGTH DATA ELEMENTS

  • fixed length control field: 190124|| aca||aabn | a|a d

040 ## - CATALOGING SOURCE

  • Original cataloging agency: AR-BaISA

111 10 - HEADING--MEETING NAME

  • Meeting name or jurisdiction name as entry element: Seminario Nacional La Evaluación de las Políticas Públicas en el Escenario Actual de Transformaciones del Estado